000 00653nam a2200241Ia 4500
003 OSt
005 20220918230910.0
006 a|||||r|||| 00| 0
007 ta
008 220917b |||||||| |||| 00| 0 eng d
024 _a261,506
037 _cTextual
040 _aARTS
_cARTS
_beng
041 _2eng
_aeng
082 _aX8(A):(z2), M0
100 _aMaheshwari R P
_9153484
245 0 _aPrinciple of industrial law
260 _aDelhi
_bNational
_c1980
300 _a241p.
_ccm.
700 _a Maheshwari S N
_9153118
942 _hX8(A):(z2), M0
_cTEXL
_2CC
999 _c289254
_d289254